| 000 | 00725cam a22002171 4500 | ||
|---|---|---|---|
| 999 |
_c233631 _d233631 |
||
| 001 | 8289445 | ||
| 003 | Nust | ||
| 005 | 20170309121836.0 | ||
| 008 | 751003s1933 nyu 000 0 eng | ||
| 010 | _a 33020517 | ||
| 020 | _a9781844080687 | ||
| 035 | _a(OCoLC)1673985 | ||
| 040 |
_aDLC _cFM _dOCoLC _dDLC |
||
| 050 | 0 | 0 |
_aPZ3.D8916 _bPr2 _aPR6007.U47 |
| 082 |
_a823.914 _bMAU |
||
| 100 | 1 |
_aDu Maurier, Daphne, _d1907-1989. |
|
| 245 | 1 | 4 |
_aThe progress of Julius, _cby Daphne Du Maurier. |
| 260 |
_aGarden City, N.Y., _bDoubleday, Doran & company, inc., _c1933. |
||
| 300 |
_aix, 308 p. _c21 cm. |
||
| 500 | _a"First edition." | ||
| 650 |
_aAmbition _xFiction |
||
| 906 |
_a7 _bcbc _coclcrpl _du _encip _f19 _gy-gencatlg |
||
| 942 |
_2ddc _cBK |
||